000 00792nam0a22002531 4500
001 RU\NLR\INFOCOMM_253\5000056191
005 20250613101610.0
035 _a(NLR Aleph) 009385533
090 _a8009680
_c8009680
100 _a20110116d1963 |||y0rusy50 ca
101 0 _afre
102 _aRU
105 _ay ||||000|y
200 1 _aLa femme soviétique, travailleuse et mère
_fG. Gromova
210 _aM.
_cProfizdat
_d1963
215 _a59, [5] с.
_d20 см
300 _aНа 4-й с. обл.: Г. Громова. Советская женщина - труженица, мать
686 _aИр2868
_2rubbk
700 1 _aGromova
_bG. M.
_gGalina Michajlovna
_4070
801 1 _aRU
_bNLR
_c20110116
801 0 _aRU
_bNLR
_gPSBO
852 _aNLR
_jИр51 Г-4/518
942 _cBOOK
980 _aNB